|
|
|
|
| LEADER |
00000nab a2200000uu 4500 |
| 001 |
vtls010910011 |
| 003 |
SK-MaSNL |
| 005 |
20260303115049.0 |
| 008 |
230127|2005 xo |||||||||||||||||slo| |
| 015 |
|
|
|a SNBRB
|
| 035 |
|
|
|a (urnnbn)urn:nbn:sk:snk:ar-a08169
|
| 035 |
|
|
|a (uuid)e552254d-f778-494b-a5e5-ac8d5bd6712a
|
| 035 |
|
|
|a urn:nbn:sk:snk-ab8zjk
|
| 040 |
|
|
|a SNKBUCL
|b slo
|c SNKBUCL
|e AACR2
|
| 041 |
0 |
|
|a slo
|
| 044 |
|
|
|a xo
|c SK
|
| 100 |
1 |
|
|a Piršelová, Dagmar
|4 aut
|9 194806
|
| 245 |
1 |
0 |
|a Novelizácia zákona o dani z príjmov z pohľadu zdaňovania príjmov zo závislej činnosti
|c Dagmar Piršelová
|
| 773 |
0 |
|
|t Personálny a mzdový poradca podnikateľa
|g Č. 4-5 (2005), s. 57-72
|
| 954 |
|
|
|a odborná, vedecká literatúra pôvodná (slovenská)
|2 lita
|
| 958 |
|
|
|a OND
|
| 958 |
|
|
|a EUIPO
|
| 958 |
|
|
|a article10
|
| 999 |
|
|
|c 1902012
|d 1903942
|